000 02913cam a2200481 i 4500
999 _c5350
_d5350
001 ocn933596328
003 OCoLC
005 20200107155832.0
008 151228s2016 ncu b 001 0 eng
010 _a 2015051183
020 _a9781632849670
_q(hardbound)
020 _a1632849674
_q(hardbound)
020 _z9781632849694
_q(epub)
029 1 _aCHBIS
_b010581512
029 1 _aCHVBK
_b365646415
035 _a(OCoLC)933596328
_z(OCoLC)954426632
_z(OCoLC)958411130
040 _aDLC
_beng
_erda
_cTZ-ArACH
042 _apcc
043 _an-us---
049 _aTZAA
050 0 0 _aKZ7000
_b.W57 2016
082 0 0 _a345
_223
100 1 _aPodgor, Ellen S.,
_d1952-
_eauthor.
245 1 0 _aInternational criminal law /
_cEllen S. Podgor, Gary R. Trombley Family White-Collar Crime Research Professor/Professor of Law, Stetson University College of Law ; Roger S. Clark, Board of Governors Professor, Rutgers Law School ; Lucian E. Dervan, Associate Professor of Law and Director of Faculty Development, Southern Illinois University School of Law.
246 1 _iSubtitle on cover:
_aCases and materials
250 _aFourth edition.
260 _aDurham North Carolina :
_bCarolina Academic Press,
_c2016.
300 _axviii, 895, 6, 7, 4 pages ;
_c26 cm
504 _aIncludes bibliographical references and index.
505 0 _aWhat crimes are international crimes? -- General principles of jurisdiction -- Foreign Corrupt Practices Act -- Antitrust and securities regulation -- Export controls -- Computer crimes -- Narcotics and money laundering -- Piracy and terrorism -- Torture -- Human trafficking -- Extraterritorial application of U.S. Constitution -- Immunities from jurisdiction -- Mutual assistance and obtaining evidence from abroad -- Extradition -- Abduction and other alternatives to extradition -- Prisoner transfer and other post-conviction and foreign law issues -- International human rights and criminal procedure -- The Nuremberg and Tokyo precedents -- The ad hoc and other tribunals -- The International Criminal Court -- The substantive law of international crimes.
650 0 _aInternational criminal law.
650 0 _aCriminal jurisdiction
_zUnited States.
_98868
650 7 _aCriminal jurisdiction.
_2fast
650 7 _aInternational criminal law.
_2fast
651 7 _aUnited States.
_2fast
655 7 _aCasebooks (Law)
_2fast
655 7 _aCasebooks (Law)
_2lcgft
700 1 _aClark, Roger S.
_q(Roger Stenson),
_eauthor.
700 1 _aDervan, Lucian E.,
_eauthor.
775 0 8 _iRevision of:
_aWise, Edward M.
_tInternational criminal law.
_b3rd ed.
_dNew Providence, NJ : LexisNexis Matthew Bender, �2009
_z9781422470428
_w(DLC) 2009045630
776 0 8 _iOnline version:
_aPodgor, Ellen S., 1952-
_tInternational criminal law.
_bFourth edition.
_dNew Providence, NJ : LexisNexis, 2016
_z9781632849694
_w(DLC) 2016000083
_w(OCoLC)933765936
942 _2lcc
_cBOOK